| 000 | 00939nam a22003018i 4500 | ||
|---|---|---|---|
| 999 |
_c29112 _d29083 |
||
| 001 | 019648171 | ||
| 003 | EG-ScBUE | ||
| 005 | 20210426103509.0 | ||
| 008 | 191118s2019 enka f 001 0 eng d | ||
| 020 | _a9781909414945 (pbk.) | ||
| 040 |
_aStDuBDS _beng _erda _cStDuBDS _dEG-ScBUE |
||
| 082 | 0 | 4 |
_a776 _bBEG _222 |
| 245 | 0 | 0 | _aBeginner's guide to digital painting in Photoshop. |
| 250 | _aSecond edition. | ||
| 264 | 1 |
_aWorcester : _b3DTotal Publishing, _c2019. |
|
| 300 |
_a284 pages : _billustrations (black and white, and colour) ; _c30 cm |
||
| 336 |
_atext _2rdacontent _btxt |
||
| 336 |
_astill image _2rdacontent _btxt |
||
| 337 |
_aunmediated _2rdamedia _bn |
||
| 338 |
_avolume _2rdacarrier _bnc |
||
| 500 | _aPrevious edition: 2011. | ||
| 500 | _aIncludes index. | ||
| 630 | 0 | 7 |
_aAdobe Photoshop. _2BUEsh |
| 650 | 7 |
_aComputer art. _2BUEsh |
|
| 653 |
_bGGEN _cApril2021 |
||
| 655 |
_vReading book _934232 |
||
| 942 |
_2ddc _cBB |
||